00000000cam 2200000zi 4500
0019.963072
003CaOODSP
00520260601172347
006m     o  d f      
007cr mn|||||||||
008260526s1952    onc     o    f000 0 eng d
040 |aCaOODSP|beng|erda|cCaOODSP
043 |an-cn-nt
0861 |aFs52-3/451E-PDF
1001 |aWheaton, R. R., |eauthor.
24512|aA study of the commercial fishery of Great Slave Lake, N.W.T., during the summer season of 1951 / |cR.R. Wheaton and W.A. Kennedy.
24614|aStudy of the commercial fishery on Great Slave Lake, N.W.T. during the summer season of 1951
264 1|a[Ottawa] : |bFisheries Research Board of Canada, Central Fisheries Research Station, |c1952.
300 |a1 online resource (30 pages).
336 |atext|btxt|2rdacontent
337 |acomputer|bc|2rdamedia
338 |aonline resource|bcr|2rdacarrier
4901 |aManuscript reports of the biological stations ; |vno. 451
4900 |aGreat Slave Lake series ; |v# 7
500 |aDigitized edition from print [produced by Department of Fisheries and Oceans].
520 |a"Fisheries Research Board personnel studied the commercial fishery of Great Slave Lake during the summer of 1951, as has been done in previous years"--Page [1].
650 0|aFisheries|zNorthwest Territories|zGreat Slave Lake.
650 6|aPêches|zTerritoires du Nord-Ouest|zEsclaves, Grand lac des.
7102 |aFisheries Research Board of Canada, |eissuing body.
7102 |aCentral Fisheries Research Station (Canada), |eissuing body.
830#0|aManuscript reports of the biological stations ;|vno. 451.|w(CaOODSP)9.899091
85640|qPDF|s5.13 MB|uhttps://publications.gc.ca/collections/collection_2026/mpo-dfo/fs52-3/Fs52-3-451-eng.pdf